000 00408nam a2200145Ia 4500
008 240729s9999 xx 000 0 und d
022 _a2508-7959
245 0 _aPrecision and Future Medicine
260 _aKorea, Republic of
260 _bSungkyunkwan University School of Medi
650 _aMedicine
856 _uhttps://doaj.org/toc/ff173dc6a9524f14862e8190c5ad2503
942 _2ddc
942 _cDOAJEJ
999 _c71113
_d71113
945 _a1
_bMadushi Gamage
_c1
_dMadushi Gamage